NFL Players with Multiple 17+ sack seasons - Statistics

General Stats
  • This quiz has been taken 50 times
  • The average score is 6 of 14
Answer Stats
Rank Player Count Team % Correct
2 J.J. Watt 3 HOU
95%
6 T.J. Watt 2 PIT
95%
11 Michael Strahan 2 NYG
73%
3 Reggie White 3 RHI
59%
5 Trey Hendrickson 2 CIN
57%
7 Chandler Jones 2 ARI
50%
1 Deacon Jones 4 LAR
50%
10 DeMarcus Ware 2 DAL
45%
4 Mark Gastineau 3 NYJ
32%
13 Richard Dent 2 CHI
23%
8 Robert Quinn 2 STL/CHI
11%
12 Tim Harris 2 GB/SF
9%
9 Elvis Dumervil 2 DEN/BAL
7%
14 Al Baker 2 DET
5%
No matching quizzes found
Score Distribution
Percent of People with Each Score
Percentile by Number Answered
Your Score History
You have not taken this quiz